| 000 | 00463nam a2200193Ia 4500 | ||
|---|---|---|---|
| 003 | OSt | ||
| 005 | 20251128094928.0 | ||
| 008 | 250729s2005 xx 000 0 und d | ||
| 020 | _a978-8125925316 | ||
| 040 | _cAL | ||
| 041 | _aeng | ||
| 082 | _a370.954 AGGD | ||
| 100 |
_aAggarwal J C _9225211 |
||
| 245 | _aDevelopment & planning of modern education | ||
| 260 |
_aNew Delhi _c2005 |
||
| 300 | _a560p | ||
| 650 |
_aEducation _9225212 |
||
| 942 |
_2ddc _cBED |
||
| 999 |
_c236802 _d236802 |
||